Espoir : sierra de Teruel /

Spanish Civil War drama; Republicans and international volunteers use makeshift weapons to fight Franco's forces in Teruel.

Bibliographic Details
Corporate Author: Documents cinématographique (Firm)
Other Authors: Malraux, André, 1901-1976, Corniglion-Molinier, Edouard, Mejuto, Andrés, 1909-1991, Rodriguez, Nicolas, Lado, José, Milhaud, Darius, 1892-1974, Schumann, Maurice
Format: Video DVD
Language:Spanish
Language Notes:Spanish language stereo soundtrack; optional English or French subtitles.
Published: Paris : Les Documents Cinématographiques, [2003]
Subjects:

MARC

Tag First Indicator Second Indicator Subfields
LEADER 00000cgm a2200000Ma 4500
001 in00002445621
005 20151110084615.0
007 vd bvaizu
008 051210p20031939fr 070 vlspa d
028 4 2 |a EDV347  |b Les Documents Cinématographiques. 
029 1 |a NLGGC  |b 291555551 
035 |a (OCoLC)ocm62554546 
035 |a (OCoLC)62554546 
040 |a EQO  |c EQO  |d NLGGC  |d OCLCG  |d UtOrBLW 
041 1 |a spa  |j fre  |j eng 
043 |a e-sp--- 
049 |a TXAM 
050 4 |a PQ2625.A716  |b E72 2003 
084 |a 24.32  |2 bcl 
090 |a PN1995.9.F67  |b E88 2003 
245 0 0 |a Espoir :  |b sierra de Teruel /  |c La Société Les Grands Films Classiques présente une production Corniglion-Molinier avec la concours de Roland Tual ; thème, dialogue & mise en scène d'André Malraux, assisté de Denis Marion pour le scénario, Boris Peskine et Max Aub pour le découpage. 
246 3 0 |a Sierra de Teruel 
264 1 |a Paris :  |b Les Documents Cinématographiques,  |c [2003] 
264 4 |c ©2003 
300 |a 1 DVD (70 min.) :  |b sound, black and white ;  |c 4 3/4 in. 
336 |a two-dimensional moving image  |b tdi  |2 rdacontent 
337 |a video  |b v  |2 rdamedia 
338 |a videodisc  |b vd  |2 rdacarrier 
538 |a DVD; PAL; all regions; aspect ratio: 4/3. 
546 |a Spanish language stereo soundtrack; optional English or French subtitles. 
511 1 |a Mejuto, Nicolás Rodríguez, José Lado. 
508 |a Photography, Louis Page; editor, George Grace; music, Darius Milhaud. 
500 |a Based on Andre Malraux's novel of the same title. 
500 |a A DVD release of the motion picture filmed in Spain 1938-39; originally released in France 1947. 
520 |a Spanish Civil War drama; Republicans and international volunteers use makeshift weapons to fight Franco's forces in Teruel. 
500 |a Special features: Aviacion! L'Escadrille Malraux as discussed by Margo and Paul Northomb (30 min.); Honneur et patrie, speech by Maurice Schuman[n], presented before the film at its release in 1945 (3 min.); film restoration (5 min.). 
500 |a Videorecording. 
651 0 |a Spain  |x History  |y Civil War, 1936-1939  |v Drama. 
655 0 |a Foreign films. 
655 0 |a Motion pictures, Spanish. 
655 7 |a Feature films.  |2 lcgft 
700 1 |a Malraux, André,  |d 1901-1976. 
700 1 |a Corniglion-Molinier, Edouard. 
700 1 |a Mejuto, Andrés,  |d 1909-1991. 
700 1 |a Rodriguez, Nicolas. 
700 1 |a Lado, José. 
700 1 |a Milhaud, Darius,  |d 1892-1974. 
700 1 |a Schumann, Maurice. 
710 2 |a Documents cinématographique (Firm) 
994 |a C0  |b TXA 
948 |a cataloged  |b h  |c 2009/4/13  |d c  |e blrosas  |f 2:34:14 pm 
999 |a MARS 
999 f f |s 37a6d6b8-46ca-3484-af73-e7ca40011aa0  |i b503f125-44fb-3ac5-a404-288665e29f81  |t 0 
952 f f |p ric  |a Texas A&M University  |b Rellis Campus  |c Joint Library Facility  |d Remote Storage  |t 0  |e PN1995.9.F67 E88 2003  |h Library of Congress classification  |i video -- videodisc  |m A14838773113 
998 f f |a PN1995.9.F67 E88 2003  |t 0  |l Remote Storage